| 000 | 02586cam a22004457i 4500 | ||
|---|---|---|---|
| 001 | data | ||
| 005 | 20260322212121.0 | ||
| 008 | data | ||
| 035 | _a23711316 | ||
| 906 |
_a7 _bcbc _ccopycat _d2 _encip _f20 _gy-gencatlg |
||
| 925 | 0 |
_aacquire _b1 shelf copy _xpolicy default |
|
| 010 | _a 2024402335 | ||
| 020 |
_a9781784728106 _q(hardcover) |
||
| 020 |
_z9781784728298 _q(ePub ebook) |
||
| 035 | _a(OCoLC)1246284087 | ||
| 040 |
_aYDX _beng _erda _cYDX _dDLC _dOCLCO _dOCLCF _dZQP _dNTG _dOCLCO _dUPM _dJQF _dOCLCO _dDLC |
||
| 042 | _alccopycat | ||
| 050 | 0 | 0 |
_aSB453 _b.A545 2021 |
| 082 | 0 | 4 |
_a635 _223 |
| 100 | 1 |
_aAkeroyd, Simon, _eauthor. |
|
| 245 | 1 | 0 |
_aRHS gardening school : _beverything you need to know to get the most from your garden / _cSimon Akeroyd & Ross Bayton. |
| 246 | 3 | _aRoyal Horticultural Society gardening school | |
| 246 | 3 | _aGardening school | |
| 250 | _aRevised and updated edition. | ||
| 264 | 1 |
_aLondon : _bMitchell Beazley, _c2021. |
|
| 300 |
_a256 pages : _bcolor illustrations ; _c26 cm |
||
| 336 |
_atext _btxt _2rdacontent |
||
| 336 |
_astill image _bsti _2rdacontent |
||
| 337 |
_aunmediated _bn _2rdamedia |
||
| 338 |
_avolume _bnc _2rdacarrier |
||
| 504 | _aIncludes bibliographical references and index. | ||
| 520 | _aKeen amateur gardeners and aspiring professionals can learn from the expertise of the RHS with this handy guide. It doesn't matter if you're an old hand at gardening or just starting out, there are always things to discover and opportunities to improve, whether it's mastering a new technique or brushing up on your botany. RHS Gardening School is the perfect guide for gardeners who want to learn. Hands-on guidance and step-by-step instructions explain topics such as pruning, pest and diseases, weed removal and caring for lawns. Expert gardeners explain the underlying principles in plain English, while clear diagrams and beautiful photographs inspire and inform. This revised edition will have a fresh new look with new illustrations and photographs and an easy-to-navigate layout making it an ideal handbook for the new gardener. Become a better, smarter, more productive gardener with this complete guide to horticulture in one handy book. | ||
| 650 | 0 | _aGardening. | |
| 650 | 7 |
_agardening. _2aat |
|
| 650 | 7 |
_aGardening _2fast |
|
| 700 | 1 |
_aBayton, Ross, _eauthor. |
|
| 710 | 2 |
_aRoyal Horticultural Society (Great Britain), _eissuing body. |
|
| 776 | 0 | 8 |
_iebook version : _z9781784728298 |
| 999 |
_c1858 _d1858 |
||